[Event "Pedavena op-B 2nd"]
[Site "Pedavena"]
[Date "2006.08.01"]
[Round "1"]
[White "Merciari, Moreno"]
[Black "Vigliaroli, Matteo Luigi"]
[Result "1-0"]
[WhiteElo "1766"]
[BlackElo "1463"]
[PlyCount "20"]
[EventDate "2006.08.01"]
[EventType "swiss"]
[EventRounds "7"]
[EventCountry "ITA"]
[SourceTitle "EXT 2023"]
[Source "ChessBase"]
[SourceDate "2022.10.05"]
[SourceVersion "1"]
[SourceVersionDate "2022.10.05"]
[SourceQuality "1"]

1. e4 c5 2. f4 d6 3. Bb5+ Bd7 4. Bxd7+ Nxd7 5. Nf3 g6 6. d3 Bg7 7. Nc3 e6 8. 0-0 Ne7 9. Qe1 Nc6 10. f5 Nd4 1-0

[Event "Pedavena op-B 1st"]
[Site "Pedavena"]
[Date "2005.08.04"]
[Round "2"]
[White "Buzzati, Francesco"]
[Black "Merciari, Moreno"]
[Result "0-1"]
[WhiteElo "1658"]
[BlackElo "1715"]
[PlyCount "102"]
[EventDate "2005.08.03"]
[EventType "swiss"]
[EventRounds "6"]
[EventCountry "ITA"]
[SourceTitle "EXT 2023"]
[Source "ChessBase"]
[SourceDate "2022.10.05"]
[SourceVersion "1"]
[SourceVersionDate "2022.10.05"]
[SourceQuality "1"]

1. e4 e5 2. Nf3 Nc6 3. d4 exd4 4. Bc4 Be7 5. 0-0 d6 6. Nxd4 Nxd4 7. Qxd4 Bf6 8. Qd5 Qe7 9. f4 c6 10. Qd1 Be6 11. Qd3 0-0-0 12. Qb3 Bd4+ 13. Kh1 Nf6 14. c3 Bb6 15. Bxe6+ Qxe6 16. Qxe6+ fxe6 17. Nd2 Ng4 18. Nc4 Nf2+ 19. Kg1 Nxe4+ 20. Nxb6+ axb6 21. Re1 d5 22. Be3 Kc7 23. Bd4 Rhg8 24. Be5+ Kc8 25. a4 Kd7 26. Rad1 Nc5 27. Ra1 Nd3 28. Re2 Nxe5 29. Rxe5 Rgf8 30. g3 Rf5 31. Rae1 Rxe5 32. Rxe5 Rf8 33. Kg2 Rf5 34. Re1 Kd6 35. b4 e5 36. Kf3 exf4 37. gxf4 g5 38. Kg4 Rxf4+ 39. Kxg5 Rf3 40. Rc1 c5 41. h4 cxb4 42. cxb4 Rf7 43. Rd1 Ke5 44. Re1+ Kd4 45. Re6 Kc4 46. Rxb6 d4 47. a5 Rd7 48. b5 Rd5+ 49. Kf4 Rxb5 50. Ke4 Rxb6 51. axb6 Kc3 0-1